000 00301nam a2200133Ia 4500
005 20251013221652.0
008 251010s9999 xx 000 0 und d
041 _aeng
100 _aDickens ,. C.
_9214365
245 _aTale Of Two Cities
250 _a1ST
260 _bUBSBD
_c1992
300 _a410
999 _c368647
_d368647